000 00410nam a2200181Ia 4500
001 16194
005 20260306170251.0
008 260306t2009||||xx |||||||||||||| ||und||
041 _aESP
082 _a347.3
_bR766 2009
100 _aRoppo, Vincenzo
_eAUT
245 0 _aEl contrato
260 _c2009
300 _a990 páginas :
_c25 cm.
650 _aGEN
654 _aCDE
942 _cLIB
_dJUS
_fJUS
_2ddc
_n
999 _c16194
_d16194